| 000 | 00448nam a2200181Ia 4500 | ||
|---|---|---|---|
| 008 | 090124s9999 xx 000 0 und d | ||
| 082 | _b36566 | ||
| 100 | _aKOMAROV V. | ||
| 245 | _aTHIS FASCINATING ASTRONOMY | ||
| 250 | _a1 | ||
| 260 |
_bMIR PUBLISHERS MOSCOW _c1985 |
||
| 300 | _a303 | ||
| 600 | _aKOMAROV V. | ||
| 630 | _aTHIS FASCINATING ASTRONOMY | ||
| 700 | _aKOMAROV V. | ||
| 730 | _aTHIS FASCINATING ASTRONOMY | ||
| 942 | _cBOOK | ||
| 999 |
_c102519 _d102519 |
||